Performance accountability and combating corruption / (Record no. 14843)

000 -LEADER
fixed length control field 00637cam a2200205 a 4500
020 ## - INTERNATIONAL STANDARD BOOK NUMBER
ISBN 9780821369418
020 ## - INTERNATIONAL STANDARD BOOK NUMBER
ISBN 0821369415
020 ## - INTERNATIONAL STANDARD BOOK NUMBER
ISBN 9780821369425 (electronic)
020 ## - INTERNATIONAL STANDARD BOOK NUMBER
ISBN 0821369423 (electronic)
040 ## - CATALOGING SOURCE
Transcribing agency DLC
082 00 - DEWEY DECIMAL CLASSIFICATION NUMBER
Classification number 352 WOR 2007 A072 Or.
245 00 - TITLE STATEMENT
Title Performance accountability and combating corruption /
260 ## - PUBLICATION, DISTRIBUTION, ETC. (IMPRINT)
Place of publication Washington, D.C. :
Name of publisher World Bank,
Year of publication c2007.
300 ## - PHYSICAL DESCRIPTION
Number of Pages xxvi, 418 p. :
Other physical details ill. ;
Dimensions 23 cm.
650 #0 - SUBJECT ADDED ENTRY--TOPICAL TERM
Topical Term Total quality management in government.
650 #0 - SUBJECT ADDED ENTRY--TOPICAL TERM
Topical Term Political corruption
700 1# - ADDED ENTRY--PERSONAL NAME
Personal name Shah, Anwar.
856 41 - ELECTRONIC LOCATION AND ACCESS
Uniform Resource Identifier http://www.loc.gov/catdir/toc/ecip076/2006101263.html
942 ## - ADDED ENTRY ELEMENTS (KOHA)
Koha item type សៀវភៅភាសាអង់គ្លេស
952 ## - LOCATION AND ITEM INFORMATION (KOHA)
Withdrawn status [LOCAL, KOHA] 0
Holdings
Permanent Location Date acquired Koha item type Lost status Shelving location Barcode Current Location Full call number
Library Block A2017-10-27សៀវភៅភាសាអង់គ្លេស A072A07784Library Block A352 WOR 2007 A072 Or.
មជ្ឈមណ្ឌលឯការនៃសាកលវិទ្យាល័យភូមិន្ទកសិកម្មចំការដូង

Powered by Koha